| 000 | 00888nam a2200253 a 4500 | ||
|---|---|---|---|
| 001 | 58720 | ||
| 003 | BD-RjUL | ||
| 005 | 20211209080642.0 | ||
| 008 | 161219s1986 cou b 001 0 eng | ||
| 020 | _a0813370302 | ||
| 035 | _a(BD-RjUL)58844 | ||
| 040 |
_aDLC _cDLC _dDLC _dOCoLC _dDLC _dBD-RjUL _beng |
||
| 041 | _aeng | ||
| 082 | 0 | 0 |
_a322.10973 _223 _bPOL 1986 |
| 245 | 0 | 4 |
_aThe Political role of religion in the United States / _cedited by Stephen D. Johnson and Joseph B. Tamney. |
| 260 |
_aBoulder, Colo. : _bWestview Press, _c1986. |
||
| 300 |
_aix, 361 p. ; _c23 cm. |
||
| 650 | 0 |
_aReligion and state _zUnited States _xHistory _y20th century. _9174547 |
|
| 651 | 0 |
_aUnited States _xReligion _y1960- _9174548 |
|
| 651 | 0 |
_aUnited States _xPolitics and government _y1981-1989. _9174549 |
|
| 700 | 1 |
_aJohnson, Stephen D. _9174550 |
|
| 700 | 1 |
_aTamney, Joseph B. _9174551 |
|
| 942 |
_2ddc _cBK |
||
| 999 |
_c58720 _d58720 |
||